Alphabet book / (Record no. 112745)
[ view plain ]
| 000 -LEADER | |
|---|---|
| fixed length control field | 00470nam a2200169 a 4500 |
| 001 - CONTROL NUMBER | |
| control field | 1832 |
| 005 - DATE AND TIME OF LATEST TRANSACTION | |
| control field | 20140414131949.0 |
| 008 - FIXED-LENGTH DATA ELEMENTS--GENERAL INFORMATION | |
| fixed length control field | 010416s19uu xx 00 eng d |
| 020 ## - INTERNATIONAL STANDARD BOOK NUMBER | |
| International Standard Book Number | 0-7894-2053-8 |
| 050 ## - LIBRARY OF CONGRESS CALL NUMBER | |
| Classification number | M 411 |
| Item number | H64 1997 |
| 100 ## - MAIN ENTRY--PERSONAL NAME | |
| Personal name | Holtz, Lara Tankel |
| 245 ## - TITLE STATEMENT | |
| Title | Alphabet book / |
| Statement of responsibility, etc | written by Lara Tankel Holtz ; photography by Dave King. |
| 260 ## - PUBLICATION, DISTRIBUTION, ETC. (IMPRINT) | |
| Place of publication, distribution, etc | New York : |
| Name of publisher, distributor, etc | DK Pub., |
| Date of publication, distribution, etc | 1997. |
| 300 ## - PHYSICAL DESCRIPTION | |
| Extent | 1 v. p. : ill. ; cm. |
| 650 ## - SUBJECT ADDED ENTRY--TOPICAL TERM | |
| Topical term or geographic name as entry element | Title. |
| Withdrawn status | Lost status | Damaged status | Use restrictions | Home library | Current library | Shelving location | Date acquired | Source of acquisition | Cost, normal purchase price | Total Checkouts | Full call number | Barcode | Date last seen | Price effective from | Koha item type |
|---|---|---|---|---|---|---|---|---|---|---|---|---|---|---|---|
| Munich Library | Munich Library | Main Section | 12/29/2004 | 741.00 | M 411 H64 1997 | M4133 | 04/14/2014 | 04/14/2014 | Books |